[Event "MARCEL 1st Div Ch-League 2019"]
[Site "Dhaka"]
[Date "2019.11.16"]
[Round "5.1"]
[White "Mukitul, Islam Ripon"]
[Black "Suvradeepta, Das"]
[Result "0-1"]
[WhiteElo "1880"]
[BlackElo "1997"]
[Annotator "NA RC"]
[PlyCount "62"]
[EventDate "2019.11.12"]
[EventCountry "BAN"]
[SourceTitle "playchess.com"]
[Source "ChessBase"]
[SourceQuality "1"]
[TimeControl "5400+30"]

{[%evp 8,62,33,51,39,56,49,33,25,41,56,39,32,42,56,83,119,26,43,36,57,12,74,0,0,-57,-61,-61,-58,-68,-25,-52,-37,-54,-55,-268,-96,-120,-103,-276,-275,-261,-225,-678,-355,-490,-479,-479,-376,-854,-1216,-2476,-2556,-29993,-29994,-29994,-29995]} 1. e4 {[%emt 0:00:00]} g6 {[%emt 0:00:00]} 2. d4 {[%emt 0:02:22]} Bg7 {[%emt 0:00:00]} 3. Nc3 {[%emt 0:02:32]} c6 {[%emt 0:00:00]} 4. Be3 {[%emt 0:01:19]} d5 {[%emt 0:00:00]} 5. e5 {[%emt 0:05:34]} f6 {[%emt 0:00:15]} 6. f4 {[%emt 0:02:29] B15: Caro-Kann: 3 Nc3: 3...g6 and 3...dxe4 4 Nxe4 Nf6 5 Nxf6+ exf6} Nh6 {[%emt 0:00:28]} 7. Be2 {[%emt 0:03:54]} (7. Qd2 O-O 8. O-O-O fxe5 9. fxe5 Ng4 10. Nf3 Nxe3 11. Qxe3 Bg4 12. Be2 e6 13. Kb1 Nd7 {1-0 (61) Dominguez Perez,L (2757)-Anton Guijarro,D (2574) Linares 2013}) 7... O-O {[%emt 0:00:35]} 8. Qd2 {[%emt 0:06:04]} Ng4 {[%emt 0:06:25]} 9. Bxg4 {[%emt 0:00:55]} Bxg4 {[%emt 0:00:03]} 10. h3 {[%emt 0:00:25]} Bd7 $146 {[%emt 0:02:27]} ({Predecessor:} 10... Be6 11. O-O-O b5 12. g4 Nd7 13. Nf3 Nb6 14. b3 {1-0 (65) Mirzoev,A (2553)-Tologontegin,S (2382) Teheran 2014}) 11. Nf3 {[%emt 0:01:22]} Qc7 {[%emt 0:00:46]} 12. h4 {[%emt 0:08:27]} (12. g4 $16) 12... Bg4 {[%emt 0:03:19]} 13. Nh2 {[%emt 0:02:06]} Qd7 {[%emt 0:00:17]} 14. Ne2 {[%emt 0:59:31]} fxe5 {[%emt 1:22:25]} 15. fxe5 {[%emt 0:00:30] [#]} (15. dxe5 $16 Be6 16. Nf3) 15... c5 $1 {[%emt 0:00:30]} 16. Nxg4 {[%emt 0:00:00]} (16. c3 $11) 16... Qxg4 {[%emt 0:00:30]} 17. O-O-O {[%emt 0:01:00]} Nc6 {[%emt 0:00:30]} ({Reject} 17... Qxg2 $6 18. Rdg1 $11) 18. dxc5 {[%emt 0:00:00]} e6 {[%emt 0:00:30]} 19. h5 {[%emt 0:00:00]} Nxe5 {[%emt 0:01:00]} 20. b3 {[%emt 0:01:30]} gxh5 {[%emt 0:01:30]} 21. Nf4 $2 {[%emt 0:00:30] [#]} (21. Kb1 $17) 21... h4 $2 {[%emt 0:00:30]} (21... d4 $1 $19 {[%cal Rd4e3][%mdl 512] has better winning chances.} 22. Nxh5 (22. Qxd4 $2 Ng6 $19 {[%mdl 64] Discovered Attack}) 22... dxe3 23. Qxe3 Bh8) 22. Rdf1 {[%emt 0:00:30]} Rf5 {[%emt 0:00:30]} 23. Nxd5 $2 {[%emt 0:00:30]} (23. Re1 $17) 23... exd5 {[%emt 0:00:30]} 24. Qxd5+ {[%emt 0:00:30]} Kh8 {[%emt 0:00:30]} 25. Qxb7 $2 {[%emt 0:00:30]} (25. Rxf5 Qxf5 26. Kb1) 25... Raf8 {[%emt 0:00:30]} 26. Rd1 $2 {[%emt 0:00:00]} (26. Rxf5 Qxf5 27. Qd5) 26... R5f7 {[%emt 0:00:30]} 27. Qa6 {[%emt 0:01:00]} Qe4 28. Bh6 $2 {[%emt 0:00:30] [#]} (28. Bd4 Rd7 29. c3) 28... Rf2 $1 {[%emt 0:00:00]} 29. Bxg7+ {[%emt 0:00:00]} Kxg7 {[%emt 0:02:00]} 30. Rd2 {[%emt 0:01:00]} Rxd2 {[%emt 0:00:00]} 31. Qb7+ {[%emt 0:00:30]} Qxb7 {[%emt 0:01:00]} 0-1

[Event "MARCEL 1st Div Ch-League 2019"]
[Site "Dhaka"]
[Date "2019.11.16"]
[Round "5.2"]
[White "Sarbojit Paul"]
[Black "Khan, Md. Monir Hossain"]
[Result "1-0"]
[WhiteElo "2074"]
[BlackElo "1993"]
[Annotator "NA RC"]
[PlyCount "109"]
[EventDate "2019.11.12"]
[EventCountry "BAN"]
[SourceTitle "playchess.com"]
[Source "ChessBase"]
[SourceQuality "1"]
[TimeControl "5400+30"]

{[%evp 11,109,34,23,25,51,45,89,74,138,118,107,91,134,120,93,97,103,108,128,120,113,125,132,93,97,95,93,95,102,102,97,107,111,102,127,100,92,62,43,66,69,47,69,60,58,66,63,45,65,66,32767,32767,32767,32767,32767,32767,32767,55,88,66,59,30,32,52,168,181,195,102,262,254,237,251,32767,32767,260,284,345,306,341,397,433,304,400,291,415,297,291,440,446,387,717,448,395,490,921,464,1201,1742,2239,2887]} 1. e4 {[%emt 0:00:00]} e5 {[%emt 0:03:01]} 2. Nf3 {[%emt 0:00:39]} Nc6 {[%emt 0:00:11]} 3. Bb5 {[%emt 0:00:15]} a6 {[%emt 0:02:06]} 4. Ba4 {[%emt 0:00:44]} Nf6 {[%emt 0:00:03]} 5. O-O {[%emt 0:00:05]} d6 {[%emt 0:00:25]} 6. Re1 {[%emt 0:00:25]} b5 {[%emt 0:00:20]} 7. Bb3 {[%emt 0:00:01]} Na5 {[%emt 0:00:29]} 8. d4 {[%emt 0:01:27] C79: Ruy Lopez: Steinitz-type lines with 3...a6 4 Ba4 Nf6 5 0-0 d6} Bg4 {[%emt 0:00:58]} (8... Nd7 9. dxe5 Nxb3 10. Bg5 f6 11. exf6 gxf6 12. e5 dxe5 13. Nxe5 Nxe5 14. Rxe5+ Be7 15. Qh5+ Kd7 16. Bxf6 Nxa1 17. Bxe7 Qxe7 18. Rxe7+ Kxe7 19. Qc5+ Kf7 20. Qxc7+ {1-0 (20) Edouard,R (2620)-Tkachiev,V (2639) Belfort 2010}) 9. dxe5 {[%emt 0:01:51]} Bxf3 {[%emt 0:00:04]} 10. Qxf3 {[%emt 0:00:40]} dxe5 {[%emt 0:01:07]} 11. Qc3 {[%emt 0:07:13]} Nxb3 {[%emt 0:07:11]} 12. Qxe5+ {[%emt 0:00:22]} Be7 $146 {[%emt 0:00:05]} ({Predecessor:} 12... Qe7 13. Qxe7+ Bxe7 14. axb3 O-O 15. Bg5 Rfd8 {1-0 (40) Capablanca,J-Augustus,E Cleveland 1926}) 13. axb3 {[%emt 0:00:43]} O-O {[%emt 0:00:09]} 14. Nc3 {[%emt 0:04:44]} Bb4 {[%emt 0:04:58]} 15. Bg5 {[%emt 0:02:42]} Re8 {[%emt 0:11:40]} 16. Qf5 {[%emt 0:06:46]} Qd7 {[%emt 0:16:00]} 17. Bxf6 {[%emt 0:02:31]} Qxf5 {[%emt 0:00:53]} 18. exf5 {[%emt 0:00:05]} Rxe1+ {[%emt 0:02:17]} 19. Rxe1 {[%emt 0:00:04]} gxf6 {[%emt 0:00:17]} 20. Kf1 {[%emt 0:09:27]} Bxc3 {[%emt 0:00:44]} 21. bxc3 {[%emt 0:00:01]} a5 {[%emt 0:00:02]} 22. Ra1 {[%emt 0:05:07]} a4 {[%emt 0:00:09]} 23. Ke2 {[%emt 0:05:36]} Kg7 {[%emt 0:00:22]} 24. bxa4 {[%emt 0:00:35]} bxa4 {[%emt 0:00:18]} 25. c4 {[%emt 0:07:07]} Kf8 {[%emt 0:01:43]} 26. Kd3 {[%emt 0:00:41]} Ke7 {[%emt 0:00:07]} 27. Kc3 {[%emt 0:04:42]} Kd6 {[%emt 0:09:20]} 28. Rd1+ {[%emt 0:00:52]} Kc6 {[%emt 0:01:57]} 29. Kb2 {[%emt 0:07:10]} a3+ {[%emt 0:00:17]} 30. Ka2 {[%emt 0:01:44]} Ra4 {[%emt 0:00:09]} 31. Kb3 {[%emt 0:08:19]} Ra5 {[%emt 0:00:02]} 32. Rd5 {[%emt 0:03:01]} Ra8 {[%emt 0:02:48]} 33. Ka2 {[%emt 0:00:08]} Ra4 {[%emt 0:00:01]} 34. Rd4 {[%emt 0:01:52]} Ra5 {[%emt 0:00:21]} 35. Rf4 {[%emt 0:02:38]} Kc5 {[%emt 0:00:21]} 36. Rh4 {[%emt 0:00:25]} Kb4 $1 {[%emt 0:02:06]} 37. c5+ {[%emt 0:02:35]} Kxc5 $2 {[%emt 0:01:55]} (37... Kc3 $1 $11 {and Black stays safe.}) 38. Rxh7 {[%emt 0:01:19]} Kd6 {[%emt 0:00:05]} 39. g4 {[%emt 0:00:53]} (39. Rxf7 $18 Rxf5 40. f3 (40. Kxa3 Rxf2 41. Kb3 Rxg2 $16)) 39... Ke7 $2 {[%emt 0:01:02] [#]} (39... Ra4 $16) 40. Rh3 $1 {[%emt 0:00:16]} Rc5 {[%emt 0:33:57]} 41. c3 {[%emt 0:00:46]} ({Don't play} 41. Kxa3 $6 Rxc2 42. Rf3 Rd2 $16) 41... Ra5 {[%emt 0:00:00]} 42. Rd3 {[%emt 0:00:15]} Ra4 {[%emt 0:00:00]} 43. Rd4 {[%emt 0:00:16]} Ra7 {[%emt 0:00:00]} 44. f3 {[%emt 0:00:23]} Ra8 {[%emt 0:00:00]} 45. h4 {[%emt 0:00:24]} Ra5 {[%emt 0:00:00]} 46. Rc4 {[%emt 0:01:08]} c5 {[%emt 0:00:00]} 47. Re4+ {[%emt 0:01:03]} Kf8 {[%emt 0:00:00]} 48. Re2 {[%emt 0:01:31]} Ra8 {[%emt 0:00:00]} 49. Rd2 {[%emt 0:01:10]} Ra4 {[%emt 0:00:00]} 50. Kb3 {[%emt 0:01:41]} Ra7 $2 {[%emt 0:00:00]} (50... Rf4 51. Rf2 (51. Kxa3 Rxf3 52. Kb3 Rf4 $16) 51... a2 {[%mdl 64] Decoy} 52. Kxa2 Ra4+ 53. Kb3 Rf4) 51. Ra2 {[%emt 0:00:58]} Re7 {[%emt 0:00:00]} 52. Rxa3 {[%emt 0:01:16]} Re3 {[%emt 0:00:00]} 53. Ra5 {[%emt 0:00:26]} c4+ {[%emt 0:00:00]} 54. Kxc4 {[%emt 0:00:18]} Rxf3 $18 {[%emt 0:00:00]} 55. Rd5 {[%emt 0:00:09]} 1-0

[Event "MARCEL 1st Div Ch-League 2019"]
[Site "Dhaka"]
[Date "2019.11.16"]
[Round "5.3"]
[White "Hossain, Monir"]
[Black "Anisuzzaman, Jewel"]
[Result "1/2-1/2"]
[WhiteElo "2058"]
[BlackElo "1852"]
[Annotator "NA RC"]
[PlyCount "56"]
[EventDate "2019.11.12"]
[EventCountry "BAN"]
[SourceTitle "playchess.com"]
[Source "ChessBase"]
[SourceQuality "1"]
[TimeControl "5400+30"]

{[%evp 8,56,64,21,47,0,46,41,45,39,70,52,57,54,157,136,143,144,145,138,153,141,141,135,143,117,127,112,101,107,110,62,58,50,65,-66,0,0,42,60,59,49,56,52,32767,32767,468,0,9,0,0]} 1. d4 {[%emt 0:00:04]} Nf6 {[%emt 0:00:04]} 2. Nf3 {[%emt 0:00:26]} e6 {[%emt 0:00:43]} 3. c4 {[%emt 0:01:06]} c5 {[%emt 0:02:15]} 4. e3 {[%emt 0:02:09]} Be7 {[%emt 0:07:15]} 5. Be2 {[%emt 0:01:38]} O-O {[%emt 0:00:11]} 6. O-O {[%emt 0:00:29] E10: Blumenfeld Gambit} d6 {[%emt 0:03:22]} 7. Nc3 {[%emt 0:00:26]} Na6 {[%emt 0:02:36]} 8. a3 {[%emt 0:05:03]} Bd7 {[%emt 0:04:34]} 9. Rb1 {[%emt 0:00:37]} Re8 $146 {[%emt 0:09:35]} ({Predecessor:} 9... Bc6 10. d5 Be8 11. e4 e5 12. b4 b6 13. Ne1 Kh8 14. g3 {1-0 (44) Gentes,K (2387)-Sekhar,G (1965) Winnipeg 1998}) 10. b4 {[%emt 0:00:28]} Nc7 {[%emt 0:01:40]} (10... cxd4 $14 11. exd4 Nc7) 11. bxc5 {[%emt 0:00:51]} dxc5 {[%emt 0:01:59]} 12. Rxb7 {[%emt 0:00:20]} Bc6 {[%emt 0:00:04]} 13. Rb1 {[%emt 0:00:38]} Rb8 {[%emt 0:00:50]} 14. Rxb8 {[%emt 0:02:19]} Qxb8 {[%emt 0:00:03]} 15. Ne5 {[%emt 0:00:18]} Ba8 {[%emt 0:01:23]} 16. Bf3 {[%emt 0:00:22]} Bd6 {[%emt 0:02:01]} 17. Bxa8 {[%emt 0:10:31]} Nxa8 {[%emt 0:01:14]} 18. f4 {[%emt 0:02:19]} Nb6 {[%emt 0:03:25]} 19. Nb5 {[%emt 0:03:29]} Rc8 {[%emt 0:06:04]} 20. Qd3 {[%emt 0:04:33]} Bf8 {[%emt 0:14:10]} 21. f5 {[%emt 0:02:10]} (21. Bd2 $1 $14) 21... a6 {[%emt 0:37:02]} (21... cxd4 $15 22. exd4 Nxc4 {[%mdl 64] Discovered Attack} 23. fxe6 fxe6 24. Nxc4 Qxb5) 22. Nc3 {[%emt 0:03:04]} Bd6 {[%emt 0:00:00]} (22... cxd4 $11 23. exd4 Nxc4 24. fxe6 (24. Nxc4 Qb3 $15) 24... fxe6) 23. fxe6 {[%emt 0:00:21]} fxe6 {[%emt 0:00:00]} 24. Nf3 {[%emt 0:09:41]} cxd4 {[%emt 0:00:00]} 25. exd4 {[%emt 0:00:22]} Nxc4 {[%emt 0:00:00]} 26. Ne4 {[%emt 0:00:18]} Nd7 $2 {[%emt 0:00:00] [#]} (26... Qb7 $11 {and Black stays safe.} 27. Nxd6 Nxd6) 27. Neg5 $2 {[%emt 0:04:00]} (27. Nxd6 Nxd6 28. Ng5 (28. Qxa6 Qb6 $16) 28... Nf8 $16) (27. Nfg5 $1 $18 Bxh2+ 28. Kh1) 27... Nf8 {[%emt 0:00:00]} 28. Qe4 {[%emt 0:10:50]} Qa8 $11 {[%emt 0:00:00]} 1/2-1/2

[Event "MARCEL 1st Div Ch-League 2019"]
[Site "Dhaka"]
[Date "2019.11.16"]
[Round "5.4"]
[White "Sacchu, Afzal Hossain"]
[Black "Tutul, Dhar"]
[Result "0-1"]
[WhiteElo "1996"]
[BlackElo "1844"]
[Annotator "NA RC"]
[PlyCount "130"]
[EventDate "2019.11.12"]
[EventCountry "BAN"]
[SourceTitle "playchess.com"]
[Source "ChessBase"]
[SourceQuality "1"]
[TimeControl "5400+30"]

{[%evp 8,118,5,-8,11,4,13,4,0,0,3,0,0,6,0,0,0,-22,-11,-11,-4,-13,-3,-29,-11,-35,-6,-35,-13,-11,0,-72,-75,-69,-37,-135,-51,-50,-18,-28,0,-34,-45,-96,-95,-97,-103,-214,-96,-129,-130,-123,-118,-123,-118,-126,-106,-128,0,-4,0,-125,-116,-137,-118,-110,-77,-127,-143,-147,-131,-133,-52,-56,-93,0,-7,0,0,0,0,0,0,-8,0,0,0,0,0,-4,0,0,0,0,0,0,0,0,0,-33,-29,-63,-65,-55,-55,-6757,-12846,-29981,0,-237,0,-975,-29957]} 1. d4 {[%emt 1:30:30]} Nf6 {[%emt 0:00:00]} 2. Nf3 {[%emt 0:00:00]} e6 {[%emt 0:00:00]} 3. c4 {[%emt 0:00:00]} b6 {[%emt 1:31:30]} 4. Nc3 {[%emt 0:00:00]} Bb7 {[%emt 0:00:00]} 5. Bg5 {[%emt 0:00:00]} Be7 {[%emt 0:00:00]} 6. e3 {[%emt 0:00:00]} d5 {[%emt 0:00:00]} 7. Be2 {[%emt 0:00:00]} O-O {[%emt 0:00:00]} 8. O-O {[%emt 0:00:00]} Nbd7 {[%emt 0:00:00]} 9. Rc1 {[%emt 0:00:00]} c5 {[%emt 0:00:00]} 10. dxc5 {[%emt 0:00:00] D55: Queen's Gambit Declined: 4 Bg5 Be7: Lines without ...h6 and 6...h6 7 Bxf6} Nxc5 {[%emt 0:00:00]} (10... bxc5 11. Qb3 Bc6 12. Rfd1 Rb8 13. Qc2 Nb6 14. b3 Qc7 15. Bd3 h6 16. Bf4 Bd6 17. Bxd6 Qxd6 {1-0 (46) Schneider,I (2517)-Narva,M (2211) Katowice 2017}) 11. a3 {[%emt 0:00:00]} Rc8 {[%emt 0:00:00]} 12. b4 {[%emt 0:00:00]} Nce4 {[%emt 0:00:00]} 13. Nxe4 {[%emt 0:00:00]} Nxe4 {[%emt 0:00:00]} 14. Bxe7 {[%emt 0:00:00]} Qxe7 {[%emt 0:00:00]} 15. Qb3 $146 {[%emt 0:00:00]} ({Predecessor:} 15. Qa4 Bc6 16. b5 Nc5 17. Qb4 {½-½ (88) Borchgrevink,H-Wahlstrom,S Gausdal 1998}) 15... Rfd8 {[%emt 0:00:00]} 16. Rfd1 {[%emt 0:00:00]} dxc4 {[%emt 0:00:00]} 17. Bxc4 {[%emt 0:00:00]} Qf6 {[%emt 0:00:00]} 18. Rxd8+ {[%emt 0:00:00]} Rxd8 {[%emt 0:00:00]} 19. Rd1 {[%emt 0:00:00]} (19. Bd3 $11) 19... Rc8 {[%emt 0:00:00]} 20. Rf1 {[%emt 0:00:00]} h5 {[%emt 0:00:00]} 21. h4 {[%emt 0:00:00]} (21. Qd3 $142) 21... Nd6 {[%emt 0:00:00]} (21... g5 $17 22. hxg5 Nxg5 23. Nxg5 Qxg5) 22. Be2 {[%emt 0:00:00]} Bxf3 {[%emt 0:00:00]} (22... Bd5 $5 {[%cal Rd5b3]} 23. Qd1 g6 $15) 23. Bxf3 {[%emt 0:00:00]} Qxh4 {[%emt 0:00:00]} 24. Qa4 {[%emt 0:11:30]} Rc7 {[%emt 0:00:00]} 25. Rd1 {[%emt 0:00:00] [#]} (25. g3 $15 Qg5 26. Qd1) 25... Ne4 $1 {[%emt 0:00:00]} 26. g3 {[%emt 0:00:00] [#]} Nxg3 $1 {[%emt 0:00:00]} 27. Qe8+ {[%emt 0:00:00]} Kh7 {[%emt 0:00:00]} 28. Qb8 {[%emt 0:00:00] [#]} Ne4 $1 {[%emt 0:04:18]} 29. Bxe4+ {[%emt 0:00:00]} Qxe4 {[%emt 0:00:07]} 30. Qxc7 {[%emt 0:00:00]} Qg4+ {[%emt 0:00:13] Double Attack} 31. Kh2 {[%emt 0:00:00]} Qxd1 {[%emt 0:00:26]} 32. Qxf7 {[%emt 0:00:00]} Qd6+ {[%emt 0:02:44]} 33. Kg1 {[%emt 0:00:00]} Qd1+ {[%emt 0:01:32]} 34. Kh2 {[%emt 0:00:00]} Qe2 {[%emt 0:01:16]} 35. b5 {[%emt 0:00:00]} Qxb5 {[%emt 0:02:05]} 36. Qxe6 {[%emt 0:00:00]} Qc5 {[%emt 0:01:27]} 37. f4 {[%emt 0:00:00]} Qc2+ {[%emt 0:00:22]} 38. Kh3 {[%emt 0:00:00]} Qg6 {[%emt 0:00:57]} 39. Qd7 {[%emt 0:00:00]} a5 {[%emt 0:00:25]} ({Black should play} 39... Kh6 $17 40. Kh4 {[#]} b5 $1 {[%mdl 512]}) 40. a4 {[%emt 0:00:00]} Qe4 {[%emt 0:01:09]} 41. Kh4 {[%emt 0:00:00]} Qh1+ {[%emt 0:00:11]} ({Better is} 41... Qxe3 $17 42. Qf7 Qe4) 42. Kg5 {[%emt 0:00:00]} Qg2+ {[%emt 0:01:24]} 43. Kxh5 {[%emt 0:00:00]} Qh2+ {[%emt 0:00:13]} 44. Kg4 {[%emt 0:00:00]} Qg2+ {[%emt 0:00:09]} 45. Kh4 {[%emt 0:00:00]} Qf2+ {[%emt 0:00:30]} 46. Kg4 {[%emt 0:00:00]} Qg2+ {[%emt 0:00:03]} 47. Kh4 {[%emt 0:00:00]} Qf2+ {[%emt 0:00:35]} 48. Kg4 {[%emt 0:00:00]} Qxe3 {[%emt 0:00:11]} 49. Qf5+ {[%emt 0:00:00]} Kg8 {[%emt 0:00:09]} 50. Qc8+ {[%emt 0:00:00]} Kf7 {[%emt 0:00:07]} 51. Qc7+ {[%emt 0:00:13]} Kf6 {[%emt 0:01:04]} 52. Qd8+ {[%emt 0:00:22]} Kg6 {[%emt 0:00:24]} 53. Qg5+ {[%emt 0:00:56]} Kf7 {[%emt 0:00:13]} 54. Qf5+ {[%emt 0:00:30]} Ke7 {[%emt 0:00:18]} 55. Qg5+ {[%emt 0:00:05]} Kd6 {[%emt 0:00:38]} 56. Kh5 $2 {[%emt 0:01:29] [#]} (56. Qb5 $15) 56... Qe8+ $1 {[%emt 0:01:14]} 57. Qg6+ {[%emt 0:00:01] [#]} Ke7 $11 {[%emt 0:00:19]} (57... Qxg6+ $1 {mates} 58. Kxg6 b5 {[%mdl 64] Promotion} 59. axb5 a4 60. b6 a3 61. f5 a2 62. Kh5 a1=Q 63. Kg6 Qg1+ 64. Kf7 Qxb6 65. f6 Qc7+ 66. Kg8 gxf6 67. Kh8 f5 68. Kg8 Ke6 69. Kh8 Kf7 70. Kh7 Qh2#) 58. f5 {[%emt 0:13:24] [#]} Qf7 $2 {[%emt 0:01:20]} ({Not} 58... Qxa4 59. Qxg7+ Ke8 60. Qe5+ Kf8 61. Qf6+ Kg8 62. Qg6+ (62. Qxb6 Qe8+ 63. Kg5 Qe7+ 64. f6 Qe5+ 65. Kg6 Qe4+ 66. Kg5 Qe5+ 67. Kg6 Qe4+ 68. Kg5 Qe5+ $11) 62... Kf8 63. Qh6+ Kf7 64. Qe6+ (64. Qxb6 Qd1+ 65. Kh4 Qe1+ 66. Kh5 Qe2+ 67. Kg5 Qe7+ 68. Kf4 Qb4+ 69. Qxb4 axb4 $11) 64... Kf8 65. Qxb6 $11 Qe8+ 66. Kh6 a4 $11) ({Better is} 58... b5 $1 $19 {[%cal Rb5a4]} 59. Qxe8+ Kxe8) 59. Kg5 $2 {[%emt 0:00:00] [#]} (59. Qxf7+ $11 Kxf7 60. Kg5) 59... Qf6+ $1 {[%emt 0:01:21]} 60. Kh5 {[%emt 0:00:00]} Kf8 {[%emt 0:00:33]} 61. Qh7 {[%emt 0:00:00]} Kf7 {[%emt 0:00:24]} 62. Kg4 {[%emt 0:00:00]} Qh6 {[%emt 0:00:23]} 63. Qxh6 {[%emt 0:00:00]} gxh6 {[%emt 0:00:02]} 64. Kh5 {[%emt 0:00:00]} Kf6 {[%emt 0:00:03]} 65. Kxh6 {[%emt 0:00:00]} Kxf5 {[%emt 0:02:11] Kg5+} 0-1

[Event "MARCEL 1st Div Ch-League 2019"]
[Site "Dhaka"]
[Date "2019.11.16"]
[Round "5.5"]
[White "Utsab Chatterjee"]
[Black "Md Shawkat Ali Sheikh"]
[Result "1-0"]
[WhiteElo "2225"]
[BlackElo "1851"]
[Annotator "TA"]
[PlyCount "43"]
[EventDate "2019.11.12"]
[EventCountry "BAN"]
[SourceTitle "playchess.com"]
[Source "ChessBase"]
[SourceQuality "1"]

{[%evp 17,53,0,0,0,14,25,39,31,33,14,22,10,21,24,65,64,67,65,90,65,132,77,220,219,200,204,494,506,516,526,29993,29994,29994,29994,29994,29993,29993,29994]} 1. e4 c5 2. Nf3 e6 3. d4 cxd4 4. Nxd4 Nc6 5. Nxc6 bxc6 6. Bd3 Qc7 7. O-O Nf6 8. Nc3 Be7 9. b3 O-O 10. Bb2 {B47: Sicilian: Taimanov: 5 Nc3 Qc7 6 f4, 6 g3 and 6 Be2} e5 (10... d5 11. Qe2 Re8 12. f4 Bb7 13. Rae1 Rad8 14. Kh1 Bb4 15. e5 Nd7 16. a3 Bf8 17. Qf3 Nc5 {½-½ (44) Kovchan,A (2579)-Admiraal,M (2321) Wijk aan Zee 2013}) 11. Qe2 a5 12. Kh1 $146 {White is slightly better.} ({Predecessor:} 12. Na4 g6 13. c4 Nh5 14. g3 d6 15. c5 dxc5 16. Rfc1 Ng7 17. Nxc5 Ne6 18. Nxe6 Bxe6 {½-½ (46) Palacios Herrero,P (2149)-Guerreiro,A (1967) Salou 2016}) 12... d6 13. f4 Nd7 14. f5 Nc5 15. Bc4 Ba6 16. Bxa6 Nxa6 17. Rad1 Nc5 18. Bc1 Nd7 {[#]} (18... Rfd8 $14) 19. Rd3 (19. g4 $142 $1) 19... Kh8 {[#]} (19... Rfb8 $16 {was necessary.}) 20. Rh3 $1 $18 {[%cal Bd3h3,Bh3h6,Bh6h7][%mdl 32] Qh5! is the strong threat.} Nf6 21. g4 {aiming for g5.} h6 $2 (21... g6 {might work better.} 22. Bg5 a4) 22. Bxh6 {Played: g4-g5} 1-0

[Event "MARCEL 1st Div Ch-League 2019"]
[Site "Dhaka"]
[Date "2019.11.16"]
[Round "5.6"]
[White "Md Sirajul, Islam"]
[Black "Bhuiyan, Golam Mostafa"]
[Result "0-1"]
[WhiteElo "1768"]
[BlackElo "2060"]
[Annotator "NA RC"]
[PlyCount "87"]
[EventDate "2019.11.12"]
[EventCountry "BAN"]
[SourceTitle "playchess.com"]
[Source "ChessBase"]
[SourceQuality "1"]
[TimeControl "5400+30"]

{[%evp 8,87,-4,-18,-5,-3,-15,-6,5,-22,-2,-8,-1,-3,2,-4,-8,-55,-52,-55,-50,-85,-93,-75,-51,-71,-43,-108,-62,-154,1,0,8,0,77,79,75,63,75,56,60,-8,0,-68,0,-77,-64,-71,-85,-82,-72,-65,-72,-79,-49,-70,-26,-72,-44,-47,-49,-66,-45,-246,-239,-225,-261,-210,-301,-354,-397,-791,-587,-577,-580,-29990,-29991,-29991,-29986,-29992,-29993,-29998]} 1. e4 {[%emt 0:00:00]} d6 {[%emt 0:00:00]} 2. Nf3 {[%emt 0:00:00]} g6 {[%emt 0:00:00]} 3. c3 {[%emt 0:00:14]} (3. d4 Nf6 4. Nc3 Bg7 5. Be2 O-O 6. O-O a6 7. h3 b5 8. e5 Nfd7 9. exd6 cxd6 10. Re1 Bb7 11. Bf1 Nf6 12. Bg5 Nbd7 13. a3 h6 14. Bf4 Nb6 15. Nh2 {0-1 (35) Wang,H (2730)-Andreikin,D (2719) St Petersburg 2018}) 3... Nf6 {[%emt 0:00:43]} 4. d3 {[%emt 0:00:12]} Bg7 {[%emt 1:31:17]} 5. Be2 {[%emt 0:00:15]} O-O {[%emt 0:00:00]} 6. O-O {[%emt 0:00:08] B07: Pirc Defence: Miscellaneous Systems} e5 {[%emt 0:00:00]} 7. Bg5 {[%emt 0:00:17]} h6 {[%emt 0:00:00]} 8. Be3 {[%emt 0:00:16]} c5 $146 {[%emt 0:00:00]} ({Predecessor:} 8... Nc6 9. h3 Qe7 10. Qc2 Nd8 11. Nh2 Ne6 12. Ng4 Nxg4 13. Bxg4 {0-1 (26) Mandic,V (2116)-Djosic,S (2262) Belgrade 2011}) 9. c4 {[%emt 0:00:23]} Nc6 {[%emt 0:00:00]} 10. Nc3 {[%emt 0:00:06]} Nd4 {[%emt 0:00:00]} 11. Qd2 {[%emt 0:01:06]} Kh7 {[%emt 0:00:00]} 12. Nd5 {[%emt 0:01:26]} Nxd5 {[%emt 0:00:00]} 13. cxd5 {[%emt 0:00:01]} f5 {[%emt 0:00:00]} 14. Ne1 {[%emt 0:00:58]} Nxe2+ {[%emt 0:00:00]} 15. Qxe2 {[%emt 0:00:03]} f4 {[%emt 0:00:00]} 16. Bd2 {[%emt 0:00:03]} g5 {[%emt 0:00:00]} 17. f3 {[%emt 0:00:57]} a5 {[%emt 0:00:00]} 18. g4 {[%emt 0:00:21]} (18. a4 $1 $15) 18... fxg3 $2 {[%emt 0:00:00]} (18... b5 $17 19. a4 b4) 19. hxg3 {[%emt 0:00:01]} b5 {[%emt 0:00:00]} 20. Kg2 {[%emt 0:00:24]} a4 {[%emt 0:00:00]} (20... g4 $11) 21. Rh1 {[%emt 0:00:25]} Kg8 {[%emt 0:00:00]} 22. Nc2 {[%emt 0:01:42]} b4 {[%emt 0:00:00]} 23. Raf1 {[%emt 0:00:45]} Ra7 {[%emt 0:00:00]} 24. Ne1 {[%emt 0:04:25]} (24. Ne3 $14) 24... Rf6 {[%emt 0:00:00]} 25. Qe3 {[%emt 0:03:41]} (25. Nc2 $11) 25... Raf7 {[%emt 0:00:00]} (25... b3 $15 26. a3 Qf8) 26. Qg1 {[%emt 0:05:19]} (26. Nc2 $1 $11) 26... Qd7 {[%emt 0:00:00]} 27. Rh2 {[%emt 0:05:20]} Qb5 {[%emt 0:00:00]} 28. Qe3 {[%emt 0:01:00]} Ba6 {[%emt 0:00:00]} 29. Rf2 {[%emt 0:01:25]} Rg6 {[%emt 0:00:00]} 30. Rh1 {[%emt 0:03:48]} Bf6 {[%emt 0:00:00]} 31. Qe2 {[%emt 0:02:31]} Bd8 {[%emt 0:00:00]} (31... b3 $5 {[%cal Rb3a2]} 32. a3 Bg7 $17) 32. Be3 {[%emt 0:01:48]} Ba5 {[%emt 0:00:00]} 33. b3 {[%emt 1:07:10]} Bd8 {[%emt 0:00:00]} 34. Kh2 {[%emt 0:00:00]} Bc8 {[%emt 0:00:00]} 35. f4 $2 {[%emt 0:00:00]} (35. Ng2 $15) 35... gxf4 {[%emt 0:00:00]} 36. gxf4 {[%emt 0:00:00]} Bg4 {[%emt 0:00:00]} ({Avoid the trap} 36... Qd7 $2 37. f5 $18) ({Less strong is} 36... exf4 37. Bxf4 axb3 38. axb3 $17) 37. Qd2 {[%emt 0:00:00] [#]} exf4 $1 {[%emt 0:00:00]} 38. Rxf4 {[%emt 0:00:00]} Bf6 {[%emt 0:00:00]} 39. Rf2 $2 {[%emt 0:00:00]} (39. bxa4 Qxa4 40. Rg1) 39... Qe8 {[%emt 0:00:00]} 40. Rhf1 {[%emt 0:00:00]} Qe5+ {[%emt 0:00:00]} 41. Bf4 {[%emt 0:00:00]} Qh5+ {[%emt 0:00:00]} 42. Kg1 {[%emt 0:00:00]} Bc3 {[%emt 0:00:00]} 43. Qc1 {[%emt 0:00:00]} Bxe1 {[%emt 0:00:00]} 44. Be3 {[%emt 0:05:30]} 0-1